000 01099cab a2200229 4500
001 ABS58496
008 090401t1998 xxu||||| |||| 00| 0 eng d
035 _a(Sirsi) u84827
041 _aeng
100 _aDawood, N.
245 _aEstimating project and activity durations: a risk management approach using network analysis
260 _c1998
350 _a0
490 _aConstruction Management & Economics
_v16(1) January 1998, 41-48(8)
520 _aLooks at the development of a methodology which can accurately model activity dependence and realistically predict project duration using a risk management approach. Identifies risk factors causing activity variations using literature reviews and interviews with contractors and the development of a computer based simulation model using a modified Monte Carlo technique to model activity duration and dependence of risk factors. References.
650 _aMONTE CARLO SIMULATION TECHNIQUES
650 _aNETWORK ANALYSIS
650 _aRISK MANAGEMENT
690 _aProject management
_96261
942 _n0
948 _c12/03/1998
999 _c53338
_d53338